Statistics for Finding Nemo Characters

Click here to take the quiz!

General Stats

  • This quiz has been taken 3,510 times
    (3,503 since last reset)
  • The average score is 6 of 9

Answer Stats

Hint Answer % Correct
Little clownfishNemo
100%
friend with short term memory lossdory
96%
The little clownfish's dadMarlin
84%
fish are friends not foodbruce
71%
turtle on the pacific currentcrush
68%
Big turtle's sonsquirt
63%
blue fishe's jellyfishsquishy
62%
Small clownfish's teacherMr. Ray
54%
Tiny clownfish's momcoral
42%

Score Distribution

Percentile by Number Answered

Percent of People with Each Score

Your Score History

You have not taken this quiz since the last reset